000 01631nam0a2200325 4500
001 RU\NLR\bibl\1685360
005 20260510063818.0
021 _aRU
_b2010-67504
_94439
035 _a(NLR Aleph) 001676535
090 _a1074512
_c1074512
100 _a20101012d2010 |||y0rusy50 ca
101 0 _arus
102 _aRU
105 _aa |||||||||
200 1 _aОбеспечение и контроль качества сварочных работ на опасных технических устройствах
_eучебное пособие
_fФедер. агентство по образованию, Гос. образоват. учреждение высш. проф. образования "Пенз. гос. ун-т" (ПГУ)
_g[С.Г. Усатый и др.]
_gпод ред. д.т.н., проф. Е.А. Розена
210 _aПенза
_cИзд-во ПГУ
_d2010
215 _a143, [1] с.
_cил.
_d21
320 _aБиблиогр.: с. 142-144 (39 назв.)
606 1 _aСварные соединения и швы
_jУчебные издания для высших учебных заведений
_xКачество
_91576608
_3RU\NLR\auth\66990743
686 _aК641-18я73-1
702 1 _aУсатый
_bС. Г.
_gСергей Геннадьевич
_4220
702 1 _aРозен
_bЕ. А.
_4340
712 0 2 _4570
_aПензенский государственный университет
_9519567
_3RU\NLR\AUTH\8810010946
801 0 _aRU
_bNLR
_c20101012
_gRCR
801 1 _aRU
_bNLR
_c20101012
830 _aсост. по кн.
942 _cBOOK
980 _aNB
980 _aNBR